000
00284nam a2200133Ia 4500
100
_a
Kennedy/ Davis.
250
_a
4
942
_c
BK
654
_a
electronic
245
_a
Electronic communication system
260
_b
Tata Mc Graw hill
_c
1993
300
_a
763
546
_a
ENGLISH
999
_c
20255
_d
20255